Normal view
MARC view
Entry Personal Name
001 - CONTROL NUMBER
- control field: 21821
003 - CONTROL NUMBER IDENTIFIER
- control field: ARRUPE
005 - DATE AND TIME OF LATEST TRANSACTION
- control field: 20160126142749.0
008 - FIXED-LENGTH DATA ELEMENTS
- fixed length control field: 160126|| aca||aabn | a|a d
040 ## - CATALOGING SOURCE
- Original cataloging agency: ARRUPE
- Transcribing agency: ARRUPE
100 ## - HEADING--PERSONAL NAME
- Personal name: Macdonald, William,
- Dates associated with a name: 1875-1935.
670 ## - SOURCE DATA FOUND
- Source citation: Work cat.: (ARRUPE)0: Macdonald, William, 1875-1935., Dry-farming, 1909.